Informática jurídica decisoria (Record no. 98860)

MARC details
000 -LEADER
fixed length control field 02922nam a22002897a 4500
005 - DATE AND TIME OF LATEST TRANSACTION
control field 20250909120605.0
008 - FIXED-LENGTH DATA ELEMENTS--GENERAL INFORMATION
fixed length control field 150825b ag ||||| |||| 00| 0 spa d
020 ## - INTERNATIONAL STANDARD BOOK NUMBER
International Standard Book Number 950508403X
050 04 - LIBRARY OF CONGRESS CALL NUMBER
Classification number KHA152
Item number G85 1993
100 1# - MAIN ENTRY--PERSONAL NAME
Personal name Guibourg, Ricardo A.
245 10 - TITLE STATEMENT
Title Informática jurídica decisoria
Statement of responsibility, etc / Ricardo A. Guibourg ; colaboradores Gladys S. Álvarez,...[et al].
250 ## - EDITION STATEMENT
Edition statement 1a ed.
260 ## - PUBLICATION, DISTRIBUTION, ETC. (IMPRINT)
Place of publication, distribution, etc Buenos, Aires :
Name of publisher, distributor, etc Astrea de Alfredo y Ricardo Depalma,
Date of publication, distribution, etc 1993
300 ## - PHYSICAL DESCRIPTION
Extent xvi, 245 p. :
Other physical details il. ;
Dimensions 23 cm.
504 ## - BIBLIOGRAPHY, ETC. NOTE
Bibliography, etc Bibliografía : p. 243 - 245
650 #7 - SUBJECT ADDED ENTRY--TOPICAL TERM
Source of heading or term lemb
Topical term or geographic name as entry element Informática
General subdivision Derecho
Geographic subdivision Argentina
650 #7 - SUBJECT ADDED ENTRY--TOPICAL TERM
Source of heading or term lemb
Topical term or geographic name as entry element Sistemas de almacenamiento y recuperación de información
General subdivision Derecho
700 1# - ADDED ENTRY--PERSONAL NAME
Personal name Álvarez, Gladys S.
Relator term colaborador
700 1# - ADDED ENTRY--PERSONAL NAME
Personal name Boruchowicz, Gustavo A.
Relator term colaborador
700 1# - ADDED ENTRY--PERSONAL NAME
Personal name Gregori, Di Humberto
Relator term colaborador
700 1# - ADDED ENTRY--PERSONAL NAME
Personal name Espino Gonzalez, Miguel A.
Relator term colaborador
700 1# - ADDED ENTRY--PERSONAL NAME
Personal name Fajre Festa, claudio A.
Relator term colaborador
700 1# - ADDED ENTRY--PERSONAL NAME
Personal name Fontela vazquez, Raúl A.
Relator term colaborador
700 1# - ADDED ENTRY--PERSONAL NAME
Personal name Poletto, Marta T.
Relator term colaborador
700 1# - ADDED ENTRY--PERSONAL NAME
Personal name Rodríguez Batz, Marcelo M.
Relator term colaborador
942 ## - ADDED ENTRY ELEMENTS (KOHA)
Source of classification or shelving scheme Biblioteca del Cogreso de los Estados Unidos
Koha item type Libro
Holdings
Estado de pérdida Fuente de clasificación Estado del daño No para préstamo Ubicación permanente Ubicación actual Apartado o colección Fecha de adquisición Edición Área del conocimiento Clasificación Código de Barras Date last seen Número de copia Costo por reposición Tipo de recurso
  Biblioteca del Cogreso de los Estados Unidos     Biblioteca de la Facultad de Derecho y Ciencias Sociales "Felipe J. Tena" Biblioteca de la Facultad de Derecho y Ciencias Sociales "Felipe J. Tena" General 25/08/2015 1a ed. Ciencias Sociales y Administrativas KHA152 G85 1993 BFD000006814 25/08/2015 1 1.00 Libro